| 000 | 00843cam a22002531a 4500 | ||
|---|---|---|---|
| 001 | af 48003984 | ||
| 003 | DLC | ||
| 005 | 20260227110905.0 | ||
| 008 | 820415s1925 sz h 001 0 fre c | ||
| 010 | _aaf 48003984 | ||
| 035 | _a(OCoLC)8340386 | ||
| 040 |
_aChicago. Univ. Libr. _cCLU _dDLC |
||
| 042 | _apremarc | ||
| 050 | 0 | 0 |
_aZ42 _b.G33 |
| 100 | 2 |
_aGeigy-Hagenbach, Karl, _d1866- _ecomp. |
|
| 245 | 1 | 0 |
_aRecueil de facsimilés d'autographes de personnages célèbres, appartenant à plusieurs siècles, _cpar Charles Geigy. |
| 260 |
_aBâle, _bR. Geering, _c1925. |
||
| 300 |
_a296 p. _bfacsim. _c32 cm. |
||
| 500 | _aCover title: Autographes. | ||
| 500 | _aPreface and headings in French, German and English. | ||
| 500 | _aPub. also with t.p. in English. | ||
| 650 | 0 |
_aAutographs _xFacsimiles. |
|
| 650 | 0 |
_aAutographs _xCollections. |
|
| 999 |
_c5858 _d5858 |
||